| 000 | 00421nam a2200157Ia 4500 | ||
|---|---|---|---|
| 008 | 210210b1971 xxu||||| |||| 00| 0 eng d | ||
| 020 | _a03 086361 9 | ||
| 082 | _a378.19 TAYH | ||
| 100 | _aTAYLOR (Harold). | ||
| 245 | _aHow to change college: notes on radical reform. Ed 1. | ||
| 250 | _a | ||
| 260 |
_aNew York. _bHolt Rinehart & Winston., _c1971 |
||
| 300 | _axi,180 | ||
| 690 | _aHigher Education | ||
| 906 | _a041146 | ||
| 999 |
_c91027 _d91027 |
||